00488nam a2200133 a 450000100100000000500170001000800410002704000250006810000280009324501160012126000350023730000200027250000620029200004506720201002045842.0110411s1986 dr 000 0 spa d aDO-SdBNPbspacBNPHU1 aDe la Rosa, Víctor R.10aEfectos financieros del nuevo código de trabajo /. :bTeoría y casos prácticos /cVíctor R. de la Rosa. aSanto Domingo :bGente,c1986. a51 p. ;c22 cm. aIncluye datos biografícos del autor en la contraportada